Questions aléatoires de géographie - 9 - Statistiques

Statistiques générales
  • Ce quiz a été pris 208 fois
  • Le résultat moyen est 8 sur 15
Statistiques - réponses
Indice Réponse % Correct
Quel est l'océan le plus chaud ? l océan Indien
97%
Citez le nom d'un tropique. tropique du Cancer | tropique du Capricorne
95%
Quelle est la couleur nationale des Pays-Bas, en honneur à sa famille royale ? l orange
86%
Quel pays se trouve coincé entre la Roumanie et l'Ukraine ? la Moldavie
77%
Quelle ville française est réputée pour ses pruneaux ? Agen
75%
Dans quel pays non africain trouve-t-on des lions sauvages ? en Inde
68%
Quel est le dernier pays à avoir été créé ? le Soudan du Sud
52%
Quelle ville chinoise fondée par les portugais est parfois surnommée "la Vegas de l'Est", ou "ville la plus pervertie au monde" selon Orson Welles ? Macao
49%
Dans quelle mer se jette la Volga ? la mer Caspienne
48%
Quelle péninsule mexicaine donne son nom a un état américain ? la péninsule de Basse-Californie
45%
Quel relief isolé, ou inselberg, en grès, d'Australie est considéré sacré par les aborigènes ? le mont Uluru
28%
Dans quelle ville brésilienne, a lieu la "rencontre des eaux" entre le Rio Negro et le Rio Solimões, formant le fleuve Amazone ? Manaus
19%
Quelle région du nord de la Chine se trouve à la frontière de la Mongolie et a pour capitale Hohhot ? la Mongolie Intérieure
18%
Quel est le plus grand lac d'Europe centrale, surnommé "la mer de Hongrie" ? le lac Balaton
11%
Quelle île suédoise de la mer baltique a pour capitale Visby ? l île de Gotland
9%
Aucun quiz correspondant
Distribution des résultats
% des personnes avec chaque résultat
Percentile par nombre de réponses
Votre historique - résultats
Vous n’avez pas pris ce quiz